000 00871nam a22002417a 4500
005 20170413103531.0
010 _a1516EN07
020 _a9789350142554
_c525.00
020 _a8188458406
_c525.00
035 _aB-667571
037 _adpl
_bKBD/Ven
037 _bDBAD/PUB
082 _a621.56
100 _aRajput, R.K
245 _aA textbook of refrigeration and airconditioning /
_cby R.K.Rajput
250 _a3rd ed
260 _aNew Delhi
_bS.K.Kataria
_c2016 (repr.)
270 _a4885/109, Prakash Mahal, Dr. Subhash Bhargav Lane, Daryaganj,
_bNew Delhi
_e110002
300 _aix,902p. :
_c25cm(pbk)
_bill.
500 _aIncludes index
942 _2ddc
_cEN
_mRAJ
_h621.56
999 _c138853
_d138853